01064cam a2200289 a 450000100040000000500170000402000150002104000470003605000230008308200140010610000190012024500410013925000120018026000660019230000240025849000430028250500060032552002320033152100180056352100180058165000400059965000310063965000200067065000250069065000310071565500280074652420250812094819.0 a0786856297 aN$VcN$VdVP@dBAKERdEHHdDLCdFISKHbeng00aPZ7.R4829bLi 200500a813.62221 aRiordan, Rick.14aThe lightning thief /cRick Riordan. a1st ed. aNew York :bMiramax Books/Hyperion Books for Children,c2005. a377 pages ;c22 cm.1 aPercy Jackson & the Olympians ;vbk. 1 aM aAfter learning that he is the son of a mortal woman and Poseidon, god of the sea, twelve-year-old Percy is sent to a summer camp for demigods like himself, and joins his new friends on a quest to prevent a war between the gods. a680 bLexile aM bRaz-Plus 0aMythology, GreekvJuvenile fiction. 1aMythology, GreekvFiction. 1aCampsvFiction. 1aFriendshipvFiction. 1aFathers and sonsvFiction. 7aFantasy fiction.2gsafd